[Event "Wch Disabilities 5th"]
[Site "Lublin"]
[Date "2023.08.23"]
[Round "5"]
[White "Dyjor, Adam"]
[Black "Falkowski, Dawid"]
[Result "0-1"]
[WhiteElo "1477"]
[BlackElo "1927"]
[PlyCount "120"]
[EventDate "2023.08.19"]
[EventType "swiss"]
[EventRounds "9"]
[EventCountry "POL"]
[SourceTitle "CBM 215 Extra"]
[Source "ChessBase"]
[SourceDate "2023.09.30"]
[SourceVersion "1"]
[SourceVersionDate "2023.09.30"]
[SourceQuality "1"]

1. e4 c5 2. Nc3 Nc6 3. f4 g6 4. Nf3 Bg7 5. g3 e6 6. Bg2 Nge7 7. 0-0 0-0 8. d3 d5 9. Qe2 Rb8 10. Qf2 Nd4 11. Nd1 Qa5 12. c3 Nb3 13. Rb1 Qxa2 14. Qc2 Na1 15. Rxa1 Qxa1 16. Ne3 b5 17. Bd2 Qa4 18. b3 Qa6 19. g4 f5 20. gxf5 dxe4 21. dxe4 exf5 22. e5 Bb7 23. h4 Be4 24. Qd1 Rbd8 25. Qe1 Qa2 26. Rf2 Qxb3 27. Ng5 Bxg2 28. Rxg2 h6 29. Nf3 h5 30. Ng5 a5 31. c4 bxc4 32. Ne6 c3 33. Nxd8 Rxd8 34. Bxc3 Rd3 35. Bd2 c4 36. Nd1 a4 37. Nf2 Rg3 38. Qa1 a3 39. Nd1 Qf3 40. Rxg3 Qxg3+ 41. Kf1 Qh3+ 42. Ke2 Qd3+ 43. Ke1 Nc6 44. Qc3 Bf8 45. Qxd3 cxd3 46. Nc3 Be7 47. Na2 Bxh4+ 48. Kd1 Be7 49. Ke1 Bc5 50. Kf1 Kf7 51. Kg2 Ke6 52. Kf3 Kd5 53. Nc1 Kc4 54. e6 Nd4+ 55. Kg3 Ne2+ 56. Kf3 Nxc1 57. Bxc1 d2 58. Bxd2 a2 59. e7 Bxe7 60. Bc1 a1Q 0-1

[Event "Wch Disabilities 5th"]
[Site "Lublin"]
[Date "2023.08.19"]
[Round "1"]
[White "Dyjor, Adam"]
[Black "Checiak, Krzysztof"]
[Result "0-1"]
[WhiteElo "1477"]
[BlackElo "2001"]
[PlyCount "136"]
[EventDate "2023.08.19"]
[EventType "swiss"]
[EventRounds "9"]
[EventCountry "POL"]
[SourceTitle "CBM 215 Extra"]
[Source "ChessBase"]
[SourceDate "2023.09.30"]
[SourceVersion "1"]
[SourceVersionDate "2023.09.30"]
[SourceQuality "1"]

1. e4 e5 2. Nf3 Nc6 3. Bb5 a6 4. Ba4 Nf6 5. 0-0 Be7 6. Re1 b5 7. Bb3 d6 8. h3 Na5 9. c3 Nxb3 10. axb3 0-0 11. d3 h6 12. Nbd2 Re8 13. Nf1 Bf8 14. c4 Bb7 15. Ne3 g6 16. Bd2 c6 17. Bc3 Bg7 18. Nf1 Nh5 19. Qc2 Nf4 20. Rad1 Qe7 21. Bd2 Ne6 22. Bc3 a5 23. Ng3 Rec8 24. Ra1 Qc7 25. Ra2 Ra6 26. Rea1 Rca8 27. Bd2 Qd8 28. Be3 Kh7 29. Qd1 Bc8 30. Qe1 Bd7 31. Ne2 Be8 32. Nc3 Nd4 33. Bxd4 exd4 34. Ne2 Qb6 35. Qd2 c5 36. Nf4 bxc4 37. bxc4 a4 38. Nd5 Qd8 39. b4 cxb4 40. Qxb4 Bc6 41. Rb1 R6a7 42. Qa3 Rb8 43. Rab2 Rxb2 44. Rxb2 Bxd5 45. cxd5 Qc7 46. Ra2 g5 47. Nd2 Ra6 48. Nc4 h5 49. Qb4 Qd7 50. Qd2 Bh6 51. Qb2 Bg7 52. Qd2 Bf6 53. f4 Kg6 54. Qf2 gxf4 55. Qxf4 Bg5 56. Qf3 f5 57. Rf2 fxe4 58. Qxe4+ Kh6 59. Rf8 Kg7 60. Rf5 Qe7 61. Qxd4+ Bf6 62. Qf2 h4 63. Rh5 a3 64. Qf5 Qe1+ 65. Kh2 Be5+ 66. Nxe5 Qxe5+ 67. Qxe5+ dxe5 68. Rxe5 a2 0-1